000 00298nam a2200121 a 4500
008 100914s1969|||| d
245 1 0 _aTrstiny vo vetre
100 1 _aDeleddová, Grazia
260 _c1969
_aBratislava
_bSlovenský spisovateľ
020 _c32,70
044 _axo
_cSK
041 _aslo
999 _c10294
_d10294